000 00320nam a22001337a 4500
008 181105b xxu||||| |||| 00| 0 eng d
020 _a9780534394158
041 _aeng
080 _a510
100 _a36
101 _aMAT
245 _aCalculus for the Managerial, Life and Social Sciences
_cWard, P
942 _2udc
_cBK
999 _c51899
_d51899